<?xml version="1.0" encoding="UTF-8"?>
<collection xmlns="http://www.loc.gov/MARC21/slim">
 <record>
  <leader>01952cam a2200421  b4500</leader>
  <controlfield tag="001">1078822816</controlfield>
  <controlfield tag="003">DE-627</controlfield>
  <controlfield tag="005">20240401183429.0</controlfield>
  <controlfield tag="007">tu</controlfield>
  <controlfield tag="008">850101s1956    xx |||||      00| ||eng c</controlfield>
  <datafield tag="035" ind1=" " ind2=" ">
   <subfield code="a">(DE-627)1078822816</subfield>
  </datafield>
  <datafield tag="035" ind1=" " ind2=" ">
   <subfield code="a">(DE-576)008822816</subfield>
  </datafield>
  <datafield tag="035" ind1=" " ind2=" ">
   <subfield code="a">(DE-599)BSZ008822816</subfield>
  </datafield>
  <datafield tag="035" ind1=" " ind2=" ">
   <subfield code="a">(OCoLC)246225586</subfield>
  </datafield>
  <datafield tag="035" ind1=" " ind2=" ">
   <subfield code="a">(OCoLC)27209616</subfield>
  </datafield>
  <datafield tag="035" ind1=" " ind2=" ">
   <subfield code="a">(DE-604)8071414894</subfield>
  </datafield>
  <datafield tag="040" ind1=" " ind2=" ">
   <subfield code="a">DE-627</subfield>
   <subfield code="b">ger</subfield>
   <subfield code="c">DE-627</subfield>
   <subfield code="e">rakwb</subfield>
  </datafield>
  <datafield tag="041" ind1=" " ind2=" ">
   <subfield code="a">eng</subfield>
  </datafield>
  <datafield tag="084" ind1=" " ind2=" ">
   <subfield code="a">9,10</subfield>
   <subfield code="a">1</subfield>
   <subfield code="2">ssgn</subfield>
  </datafield>
  <datafield tag="084" ind1=" " ind2=" ">
   <subfield code="a">LF 4300</subfield>
   <subfield code="2">rvk</subfield>
   <subfield code="0">(DE-625)rvk/91650:</subfield>
  </datafield>
  <datafield tag="100" ind1="1" ind2=" ">
   <subfield code="a">Vessberg, Olof</subfield>
   <subfield code="4">aut</subfield>
  </datafield>
  <datafield tag="245" ind1="1" ind2="4">
   <subfield code="a">The Hellenistic and Roman periods in Cyprus</subfield>
   <subfield code="c">by Olof Vessberg and Alfred Westholm</subfield>
  </datafield>
  <datafield tag="264" ind1=" " ind2="1">
   <subfield code="a">Stockholm</subfield>
   <subfield code="b">Swedish Cyprus Expedition</subfield>
   <subfield code="c">1956</subfield>
  </datafield>
  <datafield tag="300" ind1=" " ind2=" ">
   <subfield code="a">XXIII, 264 S.</subfield>
   <subfield code="b">Ill.</subfield>
  </datafield>
  <datafield tag="336" ind1=" " ind2=" ">
   <subfield code="a">Text</subfield>
   <subfield code="b">txt</subfield>
   <subfield code="2">rdacontent</subfield>
  </datafield>
  <datafield tag="337" ind1=" " ind2=" ">
   <subfield code="a">ohne Hilfsmittel zu benutzen</subfield>
   <subfield code="b">n</subfield>
   <subfield code="2">rdamedia</subfield>
  </datafield>
  <datafield tag="338" ind1=" " ind2=" ">
   <subfield code="a">Band</subfield>
   <subfield code="b">nc</subfield>
   <subfield code="2">rdacarrier</subfield>
  </datafield>
  <datafield tag="490" ind1="1" ind2=" ">
   <subfield code="a">The Swedish Cyprus expedition</subfield>
   <subfield code="v">4,3</subfield>
  </datafield>
  <datafield tag="583" ind1="1" ind2=" ">
   <subfield code="a">Archivierung/Langzeitarchivierung gewährleistet</subfield>
   <subfield code="f">SSG</subfield>
   <subfield code="2">pdager</subfield>
   <subfield code="5">DE-21</subfield>
  </datafield>
  <datafield tag="583" ind1="1" ind2=" ">
   <subfield code="a">Archivierung/Langzeitarchivierung gewährleistet</subfield>
   <subfield code="f">SSG</subfield>
   <subfield code="x">XA-DE-BW</subfield>
   <subfield code="2">pdager</subfield>
   <subfield code="5">DE-16</subfield>
  </datafield>
  <datafield tag="700" ind1="1" ind2=" ">
   <subfield code="a">Westholm, Alfred</subfield>
   <subfield code="d">1904-1996</subfield>
   <subfield code="0">(DE-588)132880598</subfield>
   <subfield code="0">(DE-627)527887005</subfield>
   <subfield code="0">(DE-576)163539677</subfield>
   <subfield code="4">aut</subfield>
  </datafield>
  <datafield tag="787" ind1="0" ind2="8">
   <subfield code="i">Rezensiert in</subfield>
   <subfield code="a">Radnóti-Alföldi, Maria, 1926 - 2022</subfield>
   <subfield code="t">[Rezension von: Olof Vessberg und Alfred Westholm, The Swedish Cyprus Expedition, Bd. 4, 3 - The Hellenistic and Roman Periods in Cyprus]</subfield>
   <subfield code="d">1962</subfield>
   <subfield code="w">(DE-627)1866202677</subfield>
  </datafield>
  <datafield tag="811" ind1="2" ind2=" ">
   <subfield code="a">Svenska Cypernexpeditionen</subfield>
   <subfield code="d">1927 - 1931</subfield>
   <subfield code="t">The Swedish Cyprus expedition</subfield>
   <subfield code="v">4,3</subfield>
   <subfield code="9">4,3</subfield>
   <subfield code="w">(DE-627)1075525462</subfield>
   <subfield code="w">(DE-576)005525462</subfield>
   <subfield code="7">nm</subfield>
  </datafield>
  <datafield tag="935" ind1=" " ind2=" ">
   <subfield code="a">mteo</subfield>
  </datafield>
  <datafield tag="936" ind1="r" ind2="v">
   <subfield code="a">LF 4300</subfield>
   <subfield code="b">Zypern</subfield>
   <subfield code="k">Klassische Archäologie</subfield>
   <subfield code="k">Topografie und Grabungspublikationen</subfield>
   <subfield code="k">Ausgrabungspublikationen und topografische Literatur</subfield>
   <subfield code="k">Orte und Landschaften Z</subfield>
   <subfield code="k">Zypern</subfield>
   <subfield code="0">(DE-627)1271870487</subfield>
   <subfield code="0">(DE-625)rvk/91650:</subfield>
   <subfield code="0">(DE-576)201870487</subfield>
  </datafield>
  <datafield tag="951" ind1=" " ind2=" ">
   <subfield code="a">MV</subfield>
  </datafield>
  <datafield tag="991" ind1=" " ind2=" ">
   <subfield code="a">Rezensiertes Werk</subfield>
  </datafield>
  <datafield tag="999" ind1=" " ind2=" ">
   <subfield code="a">KXP-PPN1078822816</subfield>
   <subfield code="e">4456069635</subfield>
  </datafield>
 </record>
</collection>
